Normal view MARC view
  • SAXENA, DR.POONAM PRADHAN

Entry Personal Name

Number of records used in: 2

001 - CONTROL NUMBER

  • control field: 8680

003 - CONTROL NUMBER IDENTIFIER

  • control field: JRU

005 - DATE AND TIME OF LATEST TRANSACTION

  • control field: 20250910113654.0

008 - FIXED-LENGTH DATA ELEMENTS

  • fixed length control field: 250910|| aca||aabn | a|a d

040 ## - CATALOGING SOURCE

  • Original cataloging agency: JRU
  • Transcribing agency: JRU

100 ## - HEADING--PERSONAL NAME

  • Personal name: SAXENA, DR.POONAM PRADHAN

670 ## - SOURCE DATA FOUND

  • Source citation: Work cat.: (JRU)8811: SAXENA, DR.POONAM PRADHAN, FAMILY LAW LECTURES : FAMILY LAW - I, 2021